| 000 | 01135nam a2200325 i 4500 | ||
|---|---|---|---|
| 003 | EG-ScBUE | ||
| 005 | 20240903114739.0 | ||
| 008 | 130929t1993 nyaa f b 001 0 eng d | ||
| 020 | _a0071125809 | ||
| 020 | _a9780071125802 | ||
| 040 |
_aEG-ScBUE _beng _erda _cEG-ScBUE _dEG-ScBUE |
||
| 082 | 0 | 4 |
_a510 _bBUD _222 |
| 100 | 1 |
_aBudnick, Frank S., _eauthor. _933792 |
|
| 245 | 1 | 0 |
_aApplied mathematics for business, economics, and the social sciences / _cFrank S. Budnick, University of Rhode Island. |
| 250 |
_aFourth edition, _binternational edition. |
||
| 264 | 1 |
_aNew York : _bMcGraw-Hill, _c[1993] |
|
| 264 | 4 | _cc1993 | |
| 300 |
_a1 volume (various pagings) : _billustrations (some color) ; _c24 cm |
||
| 336 |
_2rdacontent _atext _btxt |
||
| 337 |
_aunmediated _2rdamedia _bn |
||
| 338 |
_avolume _bnc _2rdacarrier |
||
| 500 | _aIncludes appendix. | ||
| 504 | _aIncludes bibliographical references and index. | ||
| 590 | _aMenna Elemam | ||
| 650 | 7 |
_aMathematics. _933793 _2BUEsh |
|
| 650 | 7 |
_aBusiness mathematics. _933794 _2BUEsh |
|
| 653 |
_bBUSECO _cAugust2015 |
||
| 655 | _vReading book | ||
| 942 |
_cBB _2ddc |
||
| 999 |
_c9024 _d9024 |
||